Trenerzy FC Barcelony - nagła śmierć - Statystyki

Ogólne statystyki
  • Ten quiz został rozwiązany 386 razy
  • Średni wynik to 8 z 12
Answers on the Grid
Answers color-coded by a green-red scale on the quiz's grid according to % correct below.
Pep Guardiola
Carlo Ancelotti
Hansi Flick
Adam Nawałka
José Mourinho
Xavi
Luis Enrique
Diego Simeone
Ronald Koeman
Louis van Gaal
Antonio Conte
Jan Urban
Ernesto Valverde
Jürgen Klopp
Vicente del Bosque
Frank Rijkaard
José Mari Bakero
Didier Deschamps
Tito Vilanova
Gerardo Martino
Stanisław Czerczesow
Quique Setién
Maurizio Sarri
Johan Cruyff
 
Statystyki odpowiedzi
Odpowiedź % Poprawnych
Pep Guardiola
97%
Hansi Flick
93%
Xavi
87%
Luis Enrique
82%
Ronald Koeman
79%
Johan Cruyff
72%
Frank Rijkaard
68%
Ernesto Valverde
66%
Louis van Gaal
59%
Tito Vilanova
51%
Quique Setién
47%
Gerardo Martino
40%
Nie znaleziono quizów pasujących do podanych kryteriów
Rozkład punktacji
Procent ludzi z każdym wynikiem
Percentyl według liczby udzielonych odpowiedzi
Twoja historia wyników
Nie rozwiązałeś tego quizu